[Event "GAMMA Reykjavik Open 2019"]
[Site "Reykjavik"]
[Date "2019.04.08"]
[Round "1.30"]
[White "Siddharth, Jagadeesh"]
[Black "Hambleton, Aman"]
[Result "0-1"]
[WhiteElo "2132"]
[BlackElo "2484"]
[Annotator "RC"]
[PlyCount "72"]
[EventDate "2019.04.04"]
[EventType "swiss"]
[EventCountry "ISL"]
[SourceTitle "playchess.com"]
[Source "ChessBase"]
[SourceQuality "1"]
[TimeControl "40/5400+30:1800+30"]

1. d4 {[%emt 0:00:00]} Nf6 {[%emt 0:00:30]} 2. c4 {[%emt 0:00:00]} e6 {[%emt 0:00:18]} 3. g3 {[%emt 0:00:00]} c5 {[%emt 0:00:18]} 4. Nf3 {[%emt 0:00:04]} cxd4 {[%emt 0:02:43]} 5. Nxd4 {[%emt 0:00:17]} Qc7 {[%emt 0:00:48]} 6. Nd2 {[%emt 0:00:17]} b6 {[%emt 0:02:04]} 7. Bg2 {[%emt 0:05:06]} Bb7 {[%emt 0:00:17]} 8. Nb5 {[%emt 0:02:46]} Qc8 {[%emt 0:00:08]} 9. Bxb7 {[%emt 0:00:37]} Qxb7 {[%emt 0:00:10]} 10. Nf3 {[%emt 0:00:14]} a6 {[%emt 0:11:09]} 11. Nd6+ {[%emt 0:02:47]} Bxd6 {[%emt 0:00:11]} 12. Qxd6 {[%emt 0:00:10]} Qc6 {[%emt 0:01:56]} 13. Qd4 {[%emt 0:07:40]} Qe4 {[%emt 0:19:38]} 14. Qxb6 {[%emt 0:05:58]} Qxc4 {[%emt 0:00:45]} 15. Bg5 {[%emt 0:01:12]} Nc6 {[%emt 0:05:57]} 16. Bxf6 {[%emt 0:05:21]} gxf6 {[%emt 0:01:54]} 17. Qe3 {[%emt 0:00:34]} Nb4 {[%emt 0:04:30]} 18. O-O {[%emt 0:10:52]} Nc2 {[%emt 0:01:55]} 19. Qc1 {[%emt 0:00:29]} Qxe2 {[%emt 0:01:42]} 20. Qd1 {[%emt 0:01:57]} Qxd1 {[%emt 0:00:28]} 21. Raxd1 {[%emt 0:00:20]} Nb4 {[%emt 0:00:25]} 22. Rd4 {[%emt 0:06:23]} Nc6 {[%emt 0:01:39]} 23. Rd6 {[%emt 0:02:04]} Ke7 {[%emt 0:00:32]} 24. Rfd1 {[%emt 0:01:52]} Ra7 {[%emt 0:00:10]} 25. Nh4 {[%emt 0:03:50]} Rb8 {[%emt 0:03:18]} 26. R1d2 {[%emt 0:01:22]} a5 {[%emt 0:02:31]} 27. f4 {[%emt 0:00:53]} a4 {[%emt 0:01:00]} 28. a3 {[%emt 0:03:10]} Na5 {[%emt 0:01:56]} 29. R6d3 {[%emt 0:01:15]} Nc4 {[%emt 0:00:52]} 30. Rc2 {[%emt 0:00:17]} d5 {[%emt 0:00:57]} 31. Nf3 {[%emt 0:01:30]} Rxb2 {[%emt 0:01:54]} 32. Rxb2 {[%emt 0:00:32]} Nxb2 {[%emt 0:00:06]} 33. Rc3 {[%emt 0:00:12]} Nc4 {[%emt 0:00:10]} 34. Nd4 {[%emt 0:00:13]} Rb7 {[%emt 0:00:05]} 35. Nc6+ {[%emt 0:00:19]} Kd6 {[%emt 0:00:08]} 36. Nb4 {[%emt 0:00:56]} Nxa3 {[%emt 0:00:15]} 0-1

[Event "GAMMA Reykjavik Open 2019"]
[Site "Reykjavik"]
[Date "2019.04.08"]
[Round "1.31"]
[White "Prithu Gupta"]
[Black "Marttala, Thomas"]
[Result "1-0"]
[WhiteElo "2478"]
[BlackElo "2131"]
[Annotator "TA"]
[PlyCount "109"]
[EventDate "2019.04.04"]
[EventType "swiss"]
[EventCountry "ISL"]
[SourceTitle "playchess.com"]
[Source "ChessBase"]
[SourceQuality "1"]

{[%evp 15,109,31,42,34,48,27,17,11,32,35,49,50,141,75,95,92,110,82,79,64,86,81,98,62,70,65,72,64,64,54,52,42,71,63,76,56,60,56,58,60,60,9,62,54,54,54,48,0,12,0,0,0,55,56,254,249,247,254,242,231,271,271,271,271,271,271,247,135,123,85,85,0,151,138,143,146,125,124,446,450,375,392,790,837,710,635,661,614,920,810,826,1176,4134,2466,6111,2804]} 1. Nf3 Nf6 2. g3 g6 3. Bg2 Bg7 4. c4 c6 5. b3 Ne4 6. d4 d5 7. O-O O-O 8. Bb2 f5 9. Nbd2 {[%cal Bb1d2,Bd2f3,Bf3e5][%mdl 32] A81: Dutch Defence: 2 g3} (9. Nc3 Be6 10. Nxe4 dxe4 11. Ne5 Nd7 12. Nxd7 Qxd7 13. Qc2 Bf7 14. Rad1 Qc7 15. f4 Qa5 16. Bc3 Qa6 {½-½ (33) Ftacnik,L (2558)-Miton,K (2601) Czechia 2015}) 9... Nd7 10. cxd5 cxd5 11. Ne1 $146 {The position is equal.} ({Predecessor:} 11. Qc2 Rf6 12. Ne5 Nxe5 13. dxe5 Rc6 14. Qd3 Nxd2 15. Qxd2 e6 16. Rac1 Bd7 17. Rxc6 Bxc6 {½-½ (38) Manukyan,A (2114)-Baghdasaryan,V (2449) Yerevan 2017}) 11... Ndf6 12. Nd3 Bh6 13. Nf3 g5 (13... b6 $14) 14. e3 (14. Bc1 $142) 14... b6 15. Nfe5 Bb7 16. f3 Nd6 17. Qd2 Rc8 18. a4 a5 19. Nf2 Qc7 20. Rfc1 Qb8 21. Bf1 Rxc1 22. Rxc1 Rc8 $1 23. Re1 Qc7 24. Bd3 Bg7 25. h3 e6 26. g4 fxg4 27. hxg4 Nf7 28. f4 (28. Rc1 $14 Qd8 29. Rxc8 Qxc8 30. Nxf7 Kxf7 31. Bb5) 28... Nxe5 ({Black should try} 28... Ne4 $11 29. Nxe4 dxe4) 29. fxe5 {And now Rc1 would win.} Ne4 30. Nxe4 dxe4 31. Bc4 Bd5 32. Rc1 Qd7 33. Qe2 Rf8 (33... Bf8 $11) 34. Ba3 $14 Rf3 $2 (34... Rc8 $14) 35. Bb5 $18 Qd8 36. Ba6 Bf8 37. Rc8 $1 {[%cal Rc8d8]} Qd7 38. Qc2 $1 Qg7 39. Be2 $1 {[%cal Re2f3]} Rf7 40. Bc4 $1 {[%cal Rc4d5]} Qh6 {[#]} 41. Bxd5 (41. Qh2 $1 $18 {[%cal Rh2h6] Qxh6 would kill now.} Qxh2+ 42. Kxh2) 41... exd5 $16 42. Bxf8 $40 {[%mdl 128] Black is in trouble.} Rxf8 43. Qc6 (43. Rxf8+ $16 Qxf8 44. Kh2) 43... Qxc6 $2 (43... Qh4 $1 $11 44. Qe6+ (44. Qxd5+ Kg7 $11) 44... Kg7 45. Rxf8 Kxf8) 44. Rxc6 $11 {[%mdl 4096] Endgame KR-KR} Rf3 45. Rxb6 Rxe3 46. Rb5 Rg3+ $2 {[%mdl 8192]} (46... Rf3 $16 {is tougher.}) 47. Kf2 $18 Rxg4 48. Rxd5 h5 $2 (48... Rf4+ 49. Ke3 Rf3+ 50. Kxe4 Rxb3) 49. e6 {White threatens Rd8+ and mate.White is clearly winning.} Kf8 50. Re5 Ke7 {[#]} 51. d5 $1 Rf4+ 52. Ke3 Rf8 53. Rxg5 Rf3+ 54. Kxe4 Rxb3 55. Rg7+ {Accuracy: White = 60%, Black = 35%.} 1-0

[Event "GAMMA Reykjavik Open 2019"]
[Site "Reykjavik"]
[Date "2019.04.11"]
[Round "2.1"]
[White "Saduakassova, Dinara"]
[Black "Jones, Gawain C B"]
[Result "1/2-1/2"]
[WhiteElo "2461"]
[BlackElo "2698"]
[Annotator "RC"]
[PlyCount "80"]
[EventDate "2019.04.04"]
[EventType "swiss"]
[EventCountry "ISL"]
[SourceTitle "playchess.com"]
[Source "ChessBase"]
[SourceQuality "1"]
[TimeControl "40/5400+30:1800+30"]

1. d4 {[%emt 0:00:20]} Nf6 {[%emt 0:02:03]} 2. c4 {[%emt 0:00:05]} g6 {[%emt 0:00:15]} 3. g3 {[%emt 0:00:16]} Bg7 {[%emt 0:00:09]} 4. Bg2 {[%emt 0:00:05]} O-O {[%emt 0:00:07]} 5. Nc3 {[%emt 0:00:02]} d6 {[%emt 0:01:00]} 6. Nf3 {[%emt 0:00:04]} Nc6 {[%emt 0:00:09]} 7. O-O {[%emt 0:00:05]} e5 {[%emt 0:00:06]} 8. dxe5 {[%emt 0:01:19]} dxe5 {[%emt 0:00:24]} 9. Bg5 {[%emt 0:00:15]} Be6 {[%emt 0:00:26]} 10. Nd5 {[%emt 0:12:22]} Bxd5 {[%emt 0:00:34]} 11. Bxf6 {[%emt 0:00:06]} Bxf6 {[%emt 0:00:08]} 12. cxd5 {[%emt 0:00:09]} Ne7 {[%emt 0:00:15]} 13. e4 {[%emt 0:00:17]} Qd7 {[%emt 0:04:08]} 14. Qb3 {[%emt 0:09:06]} c6 {[%emt 0:02:02]} 15. Rfd1 {[%emt 0:03:20]} cxd5 {[%emt 0:05:17]} 16. exd5 {[%emt 0:00:26]} Nf5 {[%emt 0:07:52]} 17. d6 {[%emt 0:09:41]} Nxd6 {[%emt 0:13:09]} 18. Qd5 {[%emt 0:02:32]} Rad8 {[%emt 0:05:53]} 19. Nxe5 {[%emt 0:02:04]} Qf5 {[%emt 0:00:50]} 20. Nd3 {[%emt 0:04:37]} Qxd5 {[%emt 0:05:29]} 21. Bxd5 {[%emt 0:00:04]} Rfe8 {[%emt 0:00:57]} 22. Rac1 {[%emt 0:08:12]} Re7 {[%emt 0:00:41]} 23. Kf1 {[%emt 0:03:48]} Nf5 {[%emt 0:04:21]} 24. Bb3 {[%emt 0:04:48]} Nd4 {[%emt 0:05:52]} 25. h4 {[%emt 0:08:00]} Nxb3 {[%emt 0:05:29]} 26. axb3 {[%emt 0:00:05]} a5 {[%emt 0:00:11]} 27. Rc5 {[%emt 0:01:37]} b6 {[%emt 0:06:04]} 28. Rc6 {[%emt 0:00:27]} Bd4 {[%emt 0:00:33]} 29. Nf4 {[%emt 0:02:55]} Red7 {[%emt 0:01:46]} 30. Ne2 {[%emt 0:02:54]} Bxb2 {[%emt 0:02:26]} 31. Rxd7 {[%emt 0:00:06]} Rxd7 {[%emt 0:00:04]} 32. Rxb6 {[%emt 0:00:04]} Ba3 {[%emt 0:03:11]} 33. Rb5 {[%emt 0:09:16]} Rd1+ {[%emt 0:02:18]} 34. Kg2 {[%emt 0:00:05]} Bb4 {[%emt 0:00:05]} 35. Nf4 {[%emt 0:03:28]} Rb1 {[%emt 0:00:32]} 36. Nd5 {[%emt 0:00:04]} Rxb3 {[%emt 0:00:19]} 37. Ne7+ {[%emt 0:00:03]} Kg7 {[%emt 0:02:46]} 38. Nc6 {[%emt 0:00:04]} Rc3 {[%emt 0:00:35]} 39. Nxb4 {[%emt 0:00:05]} axb4 {[%emt 0:00:04]} 40. Rxb4 {[%emt 0:00:00]} h5 {[%emt 0:00:00]} 1/2-1/2

[Event "GAMMA Reykjavik Open 2019"]
[Site "Reykjavik"]
[Date "2019.04.11"]
[Round "2.2"]
[White "Grandelius, Nils"]
[Black "Low, Zhen Yu Cyrus"]
[Result "1/2-1/2"]
[WhiteElo "2687"]
[BlackElo "2418"]
[Annotator "TA"]
[PlyCount "121"]
[EventDate "2019.04.04"]
[EventType "swiss"]
[EventCountry "ISL"]
[SourceTitle "playchess.com"]
[Source "ChessBase"]
[SourceQuality "1"]

{[%evp 12,121,0,0,0,0,0,0,0,0,0,-2,0,0,0,0,11,0,18,15,16,12,12,13,27,29,37,31,27,29,35,30,33,31,28,25,30,23,33,34,38,28,74,59,85,86,87,86,85,87,92,38,43,40,37,27,53,31,164,157,144,50,45,43,45,56,45,0,57,61,57,0,0,0,54,35,35,35,104,13,43,13,13,13,20,13,13,0,35,0,41,13,13,13,13,13,35,35,35,0,19,0,27,13,13,13,20,13,23,14,30,0]} 1. e4 e5 2. Nf3 Nf6 3. d4 Nxe4 4. Bd3 d5 5. Nxe5 Nd7 6. O-O Nxe5 7. dxe5 Nc5 {C43: Petroff Defence: 3 d4} 8. Be3 c6 9. f4 Nxd3 {The position is equal.} 10. Qxd3 g6 11. Nd2 {[%cal Bb1d2,Bd2f3,Bf3g5][%mdl 32]} Be7 12. Nf3 O-O $146 ({Predecessor:} 12... c5 13. Rad1 d4 14. Bf2 Bf5 15. Qd2 {½-½ (32) Jones,G (2677)-Smirin,I (2594) Batumi 2018}) 13. c3 Bf5 14. Qd2 f6 15. Rae1 Be4 16. exf6 Bxf6 17. Ng5 Bf5 18. Bc5 Re8 19. Rxe8+ Qxe8 20. Re1 Qd7 21. Bd4 Qg7 22. Bxf6 Qxf6 23. Qe3 h6 24. Nf3 Be4 25. Nd2 $36 {[%mdl 2048] White is more active.} Bc2 26. g3 Kf7 27. Nf3 Be4 28. Ne5+ $1 Kg8 {[#]} 29. Ng4 $1 {[%cal Rg4f6]} Qg7 30. Qc5 a6 {[#]} 31. Qd6 (31. Nf2 $1 $16) 31... Rf8 $1 $14 32. a4 {[%cal Ba2a4,Ba4a5][%mdl 32]} h5 33. Nf2 Re8 34. a5 (34. Nd3 {seems wilder.} h4 35. a5 hxg3 36. hxg3 Qf7 37. Nc5) 34... Qe7 (34... Qf7 $14) 35. Qxe7 $18 Rxe7 {[%mdl 4096] Endgame KRB-KRN} 36. Nd3 (36. Nxe4 $16 {Hoping for Nf6+.} dxe4 37. Kf2) 36... Kf7 $14 37. Nc5 Kf6 38. Kf2 Kf5 39. Ke3 Bb1+ (39... Bg2+ $11 40. Kf2 Be4) 40. Kd2 $1 Be4 $1 41. Ke3 Bb1+ 42. Kf2 Be4 $1 43. h4 Kg4 44. Re2 Kf5 45. b3 (45. Re3 $16) 45... Kg4 46. Re1 Kf5 47. Rd1 Kg4 48. Rd4 Bf5 49. Rd1 Be4 50. Re1 Kf5 51. b4 Kg4 52. Re3 Kf5 53. Re2 Kg4 {[#]} 54. Nd3 $1 {[%mdl 512]} Rc7 (54... Bxd3 55. Rxe7) 55. Nc5 Re7 56. Re3 Kf5 57. Nb3 Rc7 58. Re2 Kg4 59. Nd4 Rc8 {aiming for ...c5.} 60. Ne6 Re8 61. Nc5 {Accuracy: White = 65%, Black = 65%.} 1/2-1/2

[Event "GAMMA Reykjavik Open 2019"]
[Site "Reykjavik"]
[Date "2019.04.11"]
[Round "2.3"]
[White "Kevlishvili, Robby"]
[Black "Firouzja, Alireza"]
[Result "0-1"]
[WhiteElo "2451"]
[BlackElo "2669"]
[Annotator "TA"]
[PlyCount "66"]
[EventDate "2019.04.04"]
[EventType "swiss"]
[EventCountry "ISL"]
[SourceTitle "playchess.com"]
[Source "ChessBase"]
[SourceQuality "1"]

{[%evp 17,66,38,55,18,17,24,8,0,0,0,11,0,0,0,0,-12,-30,-61,-51,-52,-42,-66,-70,-81,-87,-224,-200,-225,-241,-245,-247,-247,-234,-379,-283,-282,-272,-402,-406,-437,-439,-441,-453,-442,-435,-431,-435,-443,-427,-431,-424]} 1. e4 e5 2. Nf3 Nc6 3. Bb5 a6 4. Ba4 Nf6 5. O-O b5 6. Bb3 Bc5 7. c3 d6 8. d4 Bb6 9. a4 {[%cal Ba2a4,Ba4a5][%mdl 32]} Rb8 10. a5 {C78: Ruy Lopez: Archangelsk and Möller Defences} Ba7 $1 11. h3 O-O 12. Be3 {The position is equal.} (12. Re1 Bb7 13. Be3 exd4 14. cxd4 Ne7 15. Nbd2 Bxe4 16. Nxe4 Nxe4 17. Qc2 d5 {0-1 (33) Yu,Y (2759)-Svidler,P (2753) Shenzhen 2018}) 12... exd4 13. cxd4 Nb4 14. Nc3 Bb7 15. Re1 Bxe4 16. Nxe4 $146 ({Predecessor:} 16. Bg5 Bg6 17. Nd5 Nbxd5 18. Bxd5 {1-0 (29) Vegjeleki,A (2279)-Hartl,D (2184) ICCF email 2011}) 16... Nxe4 17. d5 Bc5 $1 18. Bd4 Re8 19. Re3 Qd7 20. Qe1 Nf6 21. Qd2 {[#]} (21. Bxf6 $17 gxf6 22. Nd4) 21... Rxe3 $1 $19 (21... Nfxd5 22. Rxe8+ Rxe8 {[#]} 23. Bxg7 $1 $17 {[%mdl 512]}) ({Resist} 21... Nbxd5 22. Rxe8+ Rxe8 23. Bxd5 $17) 22. Bxe3 Ne4 23. Qd1 Bxe3 24. fxe3 {aiming for Qd4.} Nc5 25. Ra3 (25. Bc2 $142) 25... Qe7 26. Qd2 Qe4 27. Ng5 (27. Nd4 $142) 27... Qb1+ 28. Kh2 Nbd3 {Black is clearly winning.} 29. Bc2 Qxb2 30. Rxd3 {Threatens to win with Rd4.} Qe5+ {[%mdl 64] Double Attack} 31. Kg1 Qxg5 32. Rd4 g6 33. Rf4 {[#]} b4 $1 {Accuracy: White = 39%, Black = 79%.} 0-1

[Event "GAMMA Reykjavik Open 2019"]
[Site "Reykjavik"]
[Date "2019.04.11"]
[Round "2.4"]
[White "L'Ami, Erwin"]
[Black "Tania, Sachdev"]
[Result "1-0"]
[WhiteElo "2647"]
[BlackElo "2397"]
[Annotator "RC"]
[PlyCount "83"]
[EventDate "2019.04.04"]
[EventType "swiss"]
[EventCountry "ISL"]
[SourceTitle "playchess.com"]
[Source "ChessBase"]
[SourceQuality "1"]
[TimeControl "40/5400+30:1800+30"]

1. d4 {[%emt 0:03:34]} Nf6 {[%emt 0:00:45]} 2. c4 {[%emt 0:00:16]} e6 {[%emt 0:00:05]} 3. Nf3 {[%emt 0:00:24]} b6 {[%emt 0:00:08]} 4. g3 {[%emt 0:00:40]} Bb7 {[%emt 0:00:10]} 5. Bg2 {[%emt 0:00:09]} Be7 {[%emt 0:00:11]} 6. O-O {[%emt 0:00:10]} O-O {[%emt 0:00:10]} 7. Re1 {[%emt 0:00:36]} Na6 {[%emt 0:04:28]} 8. a3 {[%emt 0:01:36]} c5 {[%emt 0:03:46]} 9. d5 {[%emt 0:01:22]} exd5 {[%emt 0:01:50]} 10. Nh4 {[%emt 0:00:16]} Nc7 {[%emt 0:04:05]} 11. Nc3 {[%emt 0:08:50]} d6 {[%emt 0:03:57]} 12. Nf5 {[%emt 0:03:08]} b5 {[%emt 0:09:18]} 13. Nxd5 {[%emt 0:12:30]} Nfxd5 {[%emt 0:11:48]} 14. cxd5 {[%emt 0:02:44]} Bf6 {[%emt 0:00:09]} 15. Bf4 {[%emt 0:07:04]} Ne8 {[%emt 0:00:46]} 16. Qd2 {[%emt 0:01:59]} Bc8 {[%emt 0:25:10]} 17. g4 {[%emt 0:03:33]} Bxf5 {[%emt 0:01:10]} 18. gxf5 {[%emt 0:00:11]} a5 {[%emt 0:06:42]} 19. e4 {[%emt 0:06:46]} a4 {[%emt 0:11:21]} 20. Bg3 {[%emt 0:06:18]} Qa5 {[%emt 0:02:52]} 21. Qxa5 {[%emt 0:02:55]} Rxa5 {[%emt 0:00:03]} 22. Rab1 {[%emt 0:00:19]} Be5 {[%emt 0:07:03]} 23. f4 {[%emt 0:01:44]} Bd4+ {[%emt 0:00:04]} 24. Kf1 {[%emt 0:02:34]} f6 {[%emt 0:00:53]} 25. Red1 {[%emt 0:00:36]} Nc7 {[%emt 0:00:44]} 26. Be1 {[%emt 0:00:34]} Ra7 {[%emt 0:01:10]} 27. Ke2 {[%emt 0:01:14]} Re8 {[%emt 0:00:28]} 28. Kf3 {[%emt 0:01:58]} Rb8 {[%emt 0:03:21]} 29. Bf1 {[%emt 0:03:25]} Na6 {[%emt 0:00:45]} 30. h4 {[%emt 0:00:48]} Nc7 {[%emt 0:00:55]} 31. h5 {[%emt 0:02:34]} h6 {[%emt 0:00:01]} 32. Rxd4 {[%emt 0:14:32]} cxd4 {[%emt 0:00:03]} 33. Bb4 {[%emt 0:00:18]} Rb6 {[%emt 0:01:30]} 34. Rc1 {[%emt 0:00:20]} Na6 {[%emt 0:00:24]} 35. Ba5 {[%emt 0:00:32]} Rb8 {[%emt 0:00:37]} 36. Rc6 {[%emt 0:00:33]} b4 {[%emt 0:00:35]} 37. Bxa6 {[%emt 0:06:45]} bxa3 {[%emt 0:00:04]} 38. bxa3 {[%emt 0:00:06]} Rb3+ {[%emt 0:00:22]} 39. Kg4 {[%emt 0:03:02]} Re7 {[%emt 0:00:07]} 40. Bc8 {[%emt 0:00:00]} Rxe4 {[%emt 0:00:00]} 41. Be6+ {[%emt 0:01:05]} Kh7 {[%emt 0:00:37]} 42. Rc8 {[%emt 0:00:17]} 1-0

[Event "GAMMA Reykjavik Open 2019"]
[Site "Reykjavik"]
[Date "2019.04.11"]
[Round "2.5"]
[White "Korley, Kassa"]
[Black "Movsesian, Sergei"]
[Result "0-1"]
[WhiteElo "2440"]
[BlackElo "2637"]
[Annotator "TA"]
[PlyCount "64"]
[EventDate "2019.04.04"]
[EventType "swiss"]
[EventCountry "ISL"]
[SourceTitle "playchess.com"]
[Source "ChessBase"]
[SourceQuality "1"]

{[%evp 14,64,32,35,68,60,50,0,0,-59,-57,-40,-59,-109,-60,-73,-67,-70,-47,-59,-16,-74,-43,-44,-44,-36,-39,-50,-46,-140,-137,-153,-145,-154,-117,-111,-122,-177,-187,-172,-162,-167,-155,-297,-300,-295,-277,-271,-240,-622,-429,-1653,-675]} 1. d4 Nf6 2. c4 d6 3. Nf3 g6 4. Nc3 Nbd7 5. e4 e5 6. Bd3 Bg7 7. d5 O-O 8. O-O h6 {E90: King's Indian: Classical: Early deviations and 6 h3} (8... a5 9. Rb1 Nc5 10. Bc2 Bd7 11. b3 Qe8 12. a3 Nh5 13. b4 axb4 14. axb4 Na4 15. Nxa4 Bxa4 16. Bxa4 Qxa4 17. Be3 Qxd1 18. Rfxd1 {½-½ (68) Hochstrasser,M (2363)-Akopian,V (2713) Fuegen 2006}) 9. Bc2 $146 ({Predecessor:} 9. h3 Ne8 10. Qc2 Nc5 11. Be2 f5 12. b4 Na6 13. a3 f4 14. Bb2 g5 15. Nh2 Nf6 16. Qd1 {½-½ (51) Babul,P (1985)-Hasan Md,E (2126) Dhaka 2015}) 9... Nh7 10. g3 Nb6 {The position is equal.} 11. Nd2 ({Better is} 11. Bd3 $11) 11... Bh3 $15 12. Re1 f5 13. b4 Nd7 14. Bd3 $1 a5 15. bxa5 Ng5 16. Bf1 f4 (16... Rxa5 17. Nb3 $16) 17. f3 (17. Bxh3 $11 {remains equal.} Nxh3+ 18. Kg2) 17... Nf6 18. Bxh3 Nxh3+ 19. Kg2 Ng5 $36 {[%mdl 2048] Black has some pressure.} 20. h4 Ngh7 21. g4 {[#]} (21. Ne2 $15) 21... Nxg4 $1 $17 {[%mdl 576] Discovered Attack} 22. fxg4 {Black must now prevent Rh1.} Qxh4 23. Nf3 Qxg4+ 24. Kf2 Ng5 {...Qg3+ is the strong threat.} 25. Nxg5 (25. Rf1 $17 {was worth a try.}) 25... Qg3+ $19 {[%mdl 64] Double Attack} (25... Qxg5 26. Qf3 $11) 26. Ke2 {Hoping for Nf3.} f3+ (26... Qxg5 27. Rg1 $11) 27. Kd2 {Strongly threatening Ne6.} hxg5 28. Rb1 (28. Kc2 $17) 28... Qg2+ ({Don't take} 28... Rxa5 29. Kc2 $17) ({Weaker is} 28... Qf2+ 29. Kd3 $17) 29. Kd3 {Black should prevent Rg1.} f2 (29... Rxa5 30. Rg1 $14) 30. Rf1 g4 ({Inferior is} 30... Rxa5 31. Be3 $11) 31. Rxb7 $2 (31. Bg5) 31... g3 {Threatens to win with ...Qh3.} 32. Rxc7 (32. Be3 $142 Qh3 33. Rh1) 32... Qf3+ {Accuracy: White = 34%, Black = 66%.} (32... Qh3 $142 33. Ke2 g2 34. Rxf2 Qg4+ 35. Kd3 Qxd1+ 36. Nxd1 g1=Q {[%mdl 64] Double Attack} 37. Rxf8+ Bxf8) 0-1

[Event "GAMMA Reykjavik Open 2019"]
[Site "Reykjavik"]
[Date "2019.04.09"]
[Round "2.6"]
[White "Lupulescu, Constantin"]
[Black "Pigott, John C"]
[Result "1-0"]
[WhiteElo "2634"]
[BlackElo "2384"]
[Annotator "TA"]
[PlyCount "179"]
[EventDate "2019.04.04"]
[EventType "swiss"]
[EventCountry "ISL"]
[SourceTitle "playchess.com"]
[Source "ChessBase"]
[SourceQuality "1"]

{[%evp 9,179,0,11,9,22,20,28,24,32,18,35,0,2,2,12,-21,-22,-51,-54,-82,-32,-60,-56,-55,-58,-91,-58,-49,-49,-39,0,0,0,0,0,-5,83,60,114,29,20,38,28,25,34,39,40,25,39,22,21,0,0,0,0,0,0,0,0,0,0,0,4,0,0,0,1,0,0,-22,0,0,0,0,0,-5,0,0,0,-7,0,-7,0,0,8,8,8,8,8,8,8,8,8,8,8,8,8,8,8,8,8,8,8,8,8,8,8,8,8,8,8,8,8,8,8,8,8,8,8,8,8,8,8,8,8,8,8,8,8,8,8,8,8,8,8,8,8,8,8,8,8,8,8,8,8,8,8,8,8,8,8,8,8,8,8,8,8,8,8,8,8,8,8,8,29984,29985,29985,29986,29986,29987,29989,29990]} 1. Nf3 d5 2. e3 Nf6 3. c4 e6 4. Nc3 c5 5. cxd5 Nxd5 6. Bb5+ {A17: English Opening: 1...Nf6 with ...Bb4} (6. d4 Be7 7. Bd3 O-O 8. O-O Nc6 9. a3 b6 10. Qc2 Nxc3 11. bxc3 g6 12. Bb2 Bb7 13. Qe2 Qc7 14. Rad1 Rfd8 15. h4 Rac8 16. h5 Rd5 17. hxg6 hxg6 18. e4 Rh5 19. g3 Na5 20. Kg2 cxd4 21. cxd4 {1-0 (38) Jakovenko,D (2735)-Salem,A (2660) St Petersburg 2018}) 6... Nc6 7. Ne5 Qc7 8. Nxc6 {White has an edge.} bxc6 9. Be2 Be7 10. Qc2 $146 ({Predecessor:} 10. O-O O-O 11. Na4 Rd8 12. b3 Bf6 13. Bb2 Qa5 14. Bxf6 gxf6 {1-0 (31) Taimanov,M-Mukhitdinov,M Lugansk 1955}) 10... Nb4 11. Qa4 O-O 12. O-O Rd8 13. f4 a5 14. Ne4 Nd3 15. Bxd3 Rxd3 16. Qc2 Ba6 17. Rf3 c4 18. b3 cxb3 19. axb3 Qb6 20. Ba3 Bxa3 21. Rxa3 Rad8 22. Rg3 Kh8 (22... Qb4 $11 23. Qb2 g6) 23. h3 Qb4 (23... R8d5 $1 $14) 24. Ra4 ({Better is} 24. Qb2 $1 $16 {[%csl Gg3][%cal Rb2g7]} f6 25. Nxf6) 24... Qxb3 $11 25. Qxb3 Rxb3 26. Rxa5 Bd3 {[#]} 27. Nd6 $1 {[%mdl 512]} Kg8 {...g6 is the strong threat.} (27... Rxd6 28. Ra8+) 28. Ra7 Rf8 29. e4 c5 $1 30. e5 c4 31. Kh2 Rb2 32. Rd7 h6 33. h4 Rc2 34. Re3 Ra2 35. h5 Rc2 36. Kg3 Ra2 37. Kh2 Rc2 38. Kg3 Ra2 39. Kh4 Rc2 40. g4 Rc1 41. g5 Rf1 42. Kg3 Rg1+ 43. Kh2 Rd1 44. Kg3 Rg1+ 45. Kh4 Rf1 46. gxh6 Rxf4+ 47. Kg3 Rf1 $1 48. hxg7 Kxg7 49. Rf3 Rxf3+ 50. Kxf3 {With the idea Kg4.} Kh6 51. Rxf7 Rxf7+ 52. Nxf7+ Kxh5 {[%mdl 4096] Endgame KB-KN} 53. Kf4 Kh4 54. Ng5 Bf5 55. Nf3+ Kh5 56. Nd4 Bh3 57. Nb5 Kg6 58. Na3 Bf1 59. Nc2 Bd3 60. Nd4 Kf7 61. Kg5 Bf1 62. Kh6 Bd3 63. Nb5 Bf1 64. Nd6+ Ke7 65. Kg7 Bd3 66. Nb5 Bf5 67. Nd4 Be4 68. Ne2 Bd3 69. Nf4 Bf5 70. Ng6+ Ke8 71. Kf6 Bg4 72. Kg5 Bf5 73. Nh4 Bd3 74. Kf6 Kd7 75. Ng6 Kc6 76. Nf4 Bf1 77. Kxe6 Kc5 78. Kd7 Kd4 79. e6 c3 80. dxc3+ Kxc3 81. e7 {Strongly threatening Kc6.} Bb5+ 82. Kd6 Kc4 83. Nd5 {White threatens Nb6+ and mate.} Be8 $1 84. Nf6 Bf7 85. Ng4 {White wants to mate with Ne5+.} Be8 86. Ke6 {And now Nf6 would win.} Kc5 $2 {[%mdl 8192]} (86... Kb5 $11 87. Nf6 Bg6) 87. Nf6 {White mates.} Bg6 {[#]} 88. Ne4+ $1 {[%mdl 512]} Kc6 {[#]} (88... Bxe4 89. e8=Q) 89. Nd6 $1 Kc7 90. Nf7 {Accuracy: White = 72%, Black = 57%.} 1-0